00450nam a2200181 a 4500001001300000003000900013005001700022008004100039020001300080082001400093100001800107245002400125260003500149300000800184500003500192505001700227650002400244nice12345678IN_TiNIC20260116013439.0050524s1963 newa grp 000 0 eng  ac134.7500a201bTIL2 aTillich, Paul aMorality and Beyond aNew YorkbHarper and Rowc1963 a95p aincludes index and biblioraphy2 aBibliography aReligion and Ethics